|
|
|
|
| LEADER |
01292nta a2200253 i 4500 |
| 001 |
dokt13037 |
| 005 |
20260603123236.0 |
| 008 |
260309s2026 hu om 000 eng d |
| 040 |
|
|
|a SZTE Doktori Repozitórium
|b hun
|
| 041 |
|
|
|a eng
|
| 100 |
1 |
|
|a Bajcsi Dóra
|
| 245 |
1 |
0 |
|a Immunopathological and genetic observations in membranous nephropathy
|h [elektronikus dokumentum] /
|c Bajcsi Dóra
|
| 246 |
1 |
0 |
|a A membranosus nephropathia immunpatológiai és genetikai vonatkozásai
|h [elektronikus dokumentum]
|
| 260 |
|
|
|c 2026-06-17
|
| 300 |
|
|
|a 52
|
| 502 |
|
|
|a Disszertacio
|
| 650 |
|
4 |
|a elméleti orvostudományok
|
| 650 |
|
4 |
|a Nefrológia
|
| 700 |
0 |
1 |
|a Iványi Béla
|e ths
|
| 856 |
4 |
0 |
|u https://doktori.bibl.u-szeged.hu/id/eprint/13037/1/PhD_t%C3%A9zis_BajcsiDora.pdf
|z Dokumentum-elérés
|
| 856 |
4 |
0 |
|u https://doktori.bibl.u-szeged.hu/id/eprint/13037/2/PhD_t%C3%A9zis%20f%C3%BCzet%20angol_BajcsiDora.pdf
|z Dokumentum-elérés
|
| 856 |
4 |
0 |
|u https://doktori.bibl.u-szeged.hu/id/eprint/13037/3/PhD_te%CC%81zis%20fu%CC%88zet%20magyar_BajcsiDora.pdf
|z Dokumentum-elérés
|
| 856 |
4 |
0 |
|u https://doktori.bibl.u-szeged.hu/id/eprint/13037/4/Bajcsi%20BMC%20Nephrol%202023.pdf
|z Dokumentum-elérés
|
| 856 |
4 |
0 |
|u https://doktori.bibl.u-szeged.hu/id/eprint/13037/5/Bajcsi%20IJMS%202025.pdf
|z Dokumentum-elérés
|